OPERATIONAL HANDBOOK OF MINERAL PROCESSING (Record no. 7970)

MARC details
000 -LEADER
fixed length control field 00397nam a22001577a 4500
005 - DATE AND TIME OF LATEST TRANSACTION
control field 20220219163248.0
008 - FIXED-LENGTH DATA ELEMENTS--GENERAL INFORMATION
fixed length control field 220219b ||||| |||| 00| 0 eng d
020 ## - INTERNATIONAL STANDARD BOOK NUMBER
ISBN 978-81-89904-87-6
041 ## - LANGUAGE CODE
Language code of text/sound track or separate title eng
100 ## - MAIN ENTRY--AUTHOR NAME
Personal name MURTY,VEDULA RAMANA
245 ## - TITLE STATEMENT
Title OPERATIONAL HANDBOOK OF MINERAL PROCESSING
260 ## - PUBLICATION, DISTRIBUTION, ETC. (IMPRINT)
Place of publication NAGPUR
Name of publisher DENGTT
Year of publication 2020
300 ## - PHYSICAL DESCRIPTION
Number of Pages 534;p
650 ## - SUBJECT ADDED ENTRY--TOPICAL TERM
Topical Term MINING
942 ## - ADDED ENTRY ELEMENTS (KOHA)
Koha item type Books
Holdings
Lost status Damaged status Collection code Home library Current library Shelving location Date acquired Source of acquisition Cost, normal purchase price Full call number Accession Number Koha item type
    MINING JRU Library JRU Library SHELF-94-D 19/02/2022 PURCHASE 750.00 622.7 26548 Books
    MINING JRU Library JRU Library SHELF-94-D 19/02/2022 PURCHASE 750.00 622.7 26549 Books
    MINING JRU Library JRU Library SHELF-94-D 19/02/2022 PURCHASE 750.00 622.7 26550 Books